000 00360nam a2200145Ia 4500
008 230917s9999||||xx |||||||||||||| ||und||
040 _e189402
_aMAIN
041 _aEnglish
082 _a658.4092 D823B
100 _aDrexler, Kateri
245 0 _aBusiness icons who changed the world
260 _aAhmedabad
_bJaico
_c2010
300 _a268 p.
942 _cBK
999 _c153116
_d153116